MLB Teams by Location - Statistics

General Stats
  • This quiz has been taken 18 times
  • The average score is 28 of 30
Answer Stats
Location Team % Correct
Toronto Blue Jays
100%
Chicago Cubs
100%
Los Angeles Dodgers
100%
Baltimore Orioles
100%
San Diego Padres
100%
Cincinnati Reds
100%
Colorado Rockies
100%
Kansas City Royals
100%
Los Angeles (Anaheim) Angels
94%
Atlanta Braves
94%
Milwaukee Brewers
94%
St. Louis Cardinals
94%
San Francisco Giants
94%
New York Mets
94%
Pittsburgh Pirates
94%
Detroit Tigers
94%
Minnesota Twins
94%
New York Yankees
94%
Houston Astros
88%
Arizona Diamondbacks
88%
Seattle Mariners
88%
Miami Marlins
88%
Texas Rangers
88%
Tampa Bay Rays
88%
Boston Red Sox
88%
Chicago White Sox
88%
Oakland Athletics
81%
Cleveland Guardians
81%
Washington Nationals
81%
Philadelphia Phillies
81%
No matching quizzes found
Score Distribution
Percent of People with Each Score
Percentile by Number Answered
Your Score History
You have not taken this quiz